MAASAI MARA UNIVERSITY

LIBRARY CATALOGUE

Contact Us: +254 020 2685356/7 or 0774 057787

Box: 861-20500, NAROK, KENYA

Email: info@mmarau.ac.ke

War in the twentieth century : (Record no. 25022)

MARC details
000 -LEADER
fixed length control field 00907cam a2200277 a 4500
001 - CONTROL NUMBER
control field 613662
003 - CONTROL NUMBER IDENTIFIER
control field OSt
005 - DATE AND TIME OF LATEST TRANSACTION
control field 20210310114406.0
008 - FIXED-LENGTH DATA ELEMENTS--GENERAL INFORMATION
fixed length control field 920323s1992 kyu b 000 0 eng
010 ## - LIBRARY OF CONGRESS CONTROL NUMBER
LC control number 92002318
020 ## - INTERNATIONAL STANDARD BOOK NUMBER
International Standard Book Number 0664253237 (pbk. : alk. paper)
040 ## - CATALOGING SOURCE
Original cataloging agency MMU
Transcribing agency MMU
Modifying agency MMU
Language of cataloging eng
050 00 - LIBRARY OF CONGRESS CALL NUMBER
Classification number BT736.2
Item number .W3443 1992
082 00 - DEWEY DECIMAL CLASSIFICATION NUMBER
Classification number 241/.6242
Edition number 20
245 00 - TITLE STATEMENT
Title War in the twentieth century :
Remainder of title sources in theological ethics /
Statement of responsibility, etc. Richard B. Miller, editor.
250 ## - EDITION STATEMENT
Edition statement 1st ed.
260 ## - PUBLICATION, DISTRIBUTION, ETC. (IMPRINT)
Place of publication, distribution, etc. Louisville, Ky. :
Name of publisher, distributor, etc. Westminster/John Knox Press,
Date of publication, distribution, etc. c1992.
300 ## - PHYSICAL DESCRIPTION
Extent xviii, 469 p. ;
Dimensions 23 cm.
440 #0 - SERIES STATEMENT/ADDED ENTRY--TITLE
Title Library of theological ethics
500 ## - GENERAL NOTE
General note Includes bibliographical references.
650 #0 - SUBJECT ADDED ENTRY--TOPICAL TERM
Topical term or geographic name as entry element War
General subdivision Religious aspects
-- Christianity.
650 #0 - SUBJECT ADDED ENTRY--TOPICAL TERM
Topical term or geographic name as entry element War
General subdivision Moral and ethical aspects.
650 #0 - SUBJECT ADDED ENTRY--TOPICAL TERM
Topical term or geographic name as entry element Just war doctrine.
700 1# - ADDED ENTRY--PERSONAL NAME
Personal name Miller, Richard Brian,
Dates associated with a name 1953-
942 ## - ADDED ENTRY ELEMENTS (KOHA)
Source of classification or shelving scheme Library of Congress Classification
Koha item type L
Holdings
Withdrawn status Lost status Source of classification or shelving scheme Damaged status Not for loan Home library Current library Date acquired Source of acquisition Total Checkouts Full call number Barcode Date last seen Price effective from Koha item type
    Library of Congress Classification     Maasai Mara University Library -Main Campus Maasai Mara University Library -Main Campus 03/16/2017 Donation- T4C   BT736.2.W3443 1992 17027503 03/16/2017 03/16/2017 L
© 2016 Maasai Mara University.